Creating Harmonious Moods in the Home (Record no. 1761)
[ view plain ]
| 000 -LEADER | |
|---|---|
| fixed length control field | 00257nam a2200097Ia 4500 |
| 008 - FIXED-LENGTH DATA ELEMENTS--GENERAL INFORMATION | |
| fixed length control field | 200302s9999 xx 000 0 und d |
| 100 ## - MAIN ENTRY--PERSONAL NAME | |
| Personal name | Maria Flynn |
| 245 ## - TITLE STATEMENT | |
| Title | Creating Harmonious Moods in the Home |
| 260 ## - PUBLICATION, DISTRIBUTION, ETC. | |
| Name of publisher, distributor, etc. | A Roto Vision Book Published |
| 300 ## - PHYSICAL DESCRIPTION | |
| Extent | 176 P., |
| Withdrawn status | Lost status | Damaged status | Not for loan | Permanent Location | Current Location | Date acquired | Cost, normal purchase price | Full call number | Barcode | Date last seen | Price effective from | Koha item type |
|---|---|---|---|---|---|---|---|---|---|---|---|---|
| BMS College of Architecture, Design and Planning | BMS College of Architecture, Design and Planning | 2020-03-03 | 1281.00 | 747.94 | CL-UG42246 | 2020-03-03 | 2020-03-03 | UG Books from CL |